000 01387cam a2200337 a 4500
001 BK0010626716
003 DLC
005 20241220132749.0
008 120127s2012 nyua b 000 0 eng
010 _a2012001733
020 _a9780307886781 : HRD
_c$26.00
020 _a0307886786 : HRD
_c$26.00
037 _bRandom House Inc, Attn Order Entry 400 Hahn rd, Westminster, MD, USA, 21157
_nSAN 201-3975
040 _aDLC
_cDLC
_dDLC
050 0 0 _aBF575.H27
_bR8298 2012
082 0 0 _a158
_223
092 _a158.0000
092 _a158 RUBIN
100 1 _aRubin, Gretchen Craft.
_95676272
245 1 0 _aHappier at home :
_bkiss more, jump more, abandon a project, read Samuel Johnson, and my other experiments in the practice of everyday life /
_cGretchen Rubin.
250 _a1st ed.
260 _aNew York :
_bCrown Archetype,
_cc2012.
300 _axiii, 273 p. :
_bill. ;
_c25 cm.
504 _aIncludes bibliographical references (p. 265-273).
520 _aRecounts the author's efforts to render her home a place of greater simplicity, comfort, and love, discussing how she experimented with a range of concrete resolutions and came to redefine her views about family, time, and material comforts.
650 0 _aHappiness.
_96238891
650 0 _aSelf-actualization (Psychology)
_991224
650 0 _aLife skills.
_96238892
942 _cBOOK
_092
998 _aa153696
999 _c86012
_d86012